Relato de un náufrago / (Registro nro. 11596)
[ vista simple ]
| 000 - LÍDER | |
|---|---|
| campo de control de longitud fija | 00964nam a2200241 a 4500 |
| 003 - IDENTIFICADOR DE NÚMERO DE CONTROL | |
| campo de control | OSt |
| 005 - FECHA Y HORA DE LA ÚLTIMA TRANSACCIÓN | |
| campo de control | 20210818181628.0 |
| 008 - ELEMENTOS DE DATOS DE LONGITUD FIJA - INFORMACIÓN GENERAL | |
| campo de control de longitud fija | 030527s2003 ck gr 0001f spa d |
| 020 ## - INTERNATIONAL STANDARD BOOK NUMBER | |
| International Standard Book Number | 9580474370 |
| 040 ## - FUENTE DE CATALOGACIÓN | |
| Lenguaje de catalogación | spa |
| 041 0# - CÓDIGO DE LENGUAJE | |
| Código de idioma de texto / pista de sonido o título separado | spa |
| 082 04 - NÚMERO DE CLASIFICACIÓN DECIMAL DEWEY | |
| Número de clasificación | Co863.44 |
| Número de artículo | G216r |
| 100 1# - ENTRADA PRINCIPAL - NOMBRE PERSONAL | |
| Nombre de la persona | García Márquez, Gabriel, |
| Fechas asociadas a un nombre | 1927-2014 |
| 245 10 - TÍTULO DECLARACIÓN | |
| Título | Relato de un náufrago / |
| Declaración de responsabilidad | Gabriel García Márquez. |
| 260 ## - PUBLICACIÓN, DISTRIBUCIÓN | |
| Lugar de publicación | Bogotá : |
| Nombre del editor | Grupo Editorial Norma, |
| Fecha de publicación | 2003. |
| 300 ## - DESCRIPCIÓN FÍSICA | |
| Alcance | 163 páginas ; |
| Dimensiones | 18 centímetros. |
| 490 ## - DECLARACIÓN EN SERIE | |
| Estado de cuenta de la serie | Norma de bolsillo |
| 500 ## - NOTA GENERAL | |
| Nota general | Premio nobel 1982. |
| 505 0# - NOTA DE CONTENIDO FORMATEADA | |
| Nota sobre el contenido formateado | Que estuvo diez días a la deriva de una balsa sin comer ni beber, que fue proclamado héroe de la patria, besado por las reinas de la belleza y hecho rico por la publicidad, y luego aborrecido por el gobierno y olvidado para siempre. |
| 650 #6 - ENTRADA DE SUJETO AÑADIDO - TÉRMINO TÓPICO | |
| Término tópico o elemento de entrada del nombre geográfico | Naúfragos |
| Subdivisión geográfica | Colombia. |
| 650 ## - ENTRADA DE SUJETO AÑADIDO - TÉRMINO TÓPICO | |
| Término tópico o elemento de entrada del nombre geográfico | Relatos colombianos. |
| 942 ## - ELEMENTOS DE ENTRADA AGREGADOS (KOHA) | |
| Fuente de clasificación o esquema de estanterías | Dewey Decimal Classification |
| Parte de clasificación | Co863.44 G216r |
| Prefijo del número de llamada | Co863.44 |
| Sufijo del número de llamada | G216r |
| Estado de retirada | Pérdida de estatus | Fuente de clasificación o esquema de estanterías | Estado dañado | No para préstamo | Código de recogida | Ubicación permanente | Ubicación actual | Ubicación de las estanterías | Fecha de adquisición | Total de Cajas | Número Topográfico | Código de barras | Precio efectivo desde | Número de copia | Fecha de la última vez que se vio | Tipo de artículo Koha |
|---|---|---|---|---|---|---|---|---|---|---|---|---|---|---|---|---|
| Dewey Decimal Classification | General | Biblioteca Pública Departamental Comfamiliar Risaralda | Biblioteca Pública Departamental Comfamiliar Risaralda | Área General | 19/04/2017 | Co863.44 G216r | 1000812 | 19/04/2017 | Ej. 1 | 19/04/2017 | Libro |